| 000 | 01603cam a2200193 a 4500 | ||
|---|---|---|---|
| 999 |
_c3108 _d3108 |
||
| 020 | _a9780073273082 (alk. paper) | ||
| 020 | _a0073273082 (alk. paper) | ||
| 050 | 0 | 0 |
_aHB172.5 _b.M3743 |
| 100 | 1 | _aMcConnell, Campbell R. | |
| 245 | 1 | 0 |
_aMacroeconomics : _bprinciples, problems, and policies _cCampbell R. McConnell, Stanley L. Brue. |
| 250 | _a17th ed. | ||
| 260 |
_aBoston : _bMcGraw-Hill/Irwin, _c2008. |
||
| 300 |
_axxvii, 380, [38] p. : _bcol. ill. ; _c26 cm. |
||
| 500 | _aIncludes index. | ||
| 505 | _aIntroduction to economics and the economy. Limits, alternatives, and choices ; The market system and the circular flow ; Demand, supply, and market equilibrium ; The U.S. economy : private and public sectors ; The United States in the global economy Macroeconomic measurement and basic concepts. Measuring domestic output and national income ; Introduction to economic growth and instability ; Basic macroeconomic relationships Macroeconomic models and fiscal policy. The aggregate expenditures model ; Aggregate demand and aggregate supply ; Fiscal policy, deficits, and debt Money, banking, and monetary policy. Money and banking ; Money creation ; Interest rates and monetary policy ; Financial economics Long-run perspectives and macroeconomic debates. Extending the analysis of aggregate supply ; Economic growth ; The economics of developing countries ; Disputes over macro theory and policy International economics. International trade ; exchange rates, the balance of payments, and trade deficits | ||
| 650 | 0 | _aMacroeconomics. | |
| 700 | 1 | _aBrue, Stanley L., | |
| 942 | _cBK | ||